000 00736nam a2200265Ia 4500
003 OSt
005 20220928115053.0
006 a|||||r|||| 00| 0
007 ta
008 220927b |||||||| |||| 00| 0 eng d
020 _c0
024 _a112189
037 _bGIFT, 21/07/2011, Gift
_cTextual
040 _aSDCL
_cSDCL
_beng
041 _2eng
_aeng
082 _aD65264, P0
100 _aDas Annapurna
_9442938
245 0 _aMicrowave engineering.
260 _aNew Delhi
_bTata McGraw-Hill
_c2000
300 _ax,516p.
_ccm.
650 _aGift
_9391569
700 _a Das Sisir K
_9442939
942 _hD65264, P0
_cTEXL
_2CC
999 _c758116
_d758116